Normal view MARC view

Entry Personal Name

Number of records used in: 1

001 - CONTROL NUMBER

  • control field: 50543

003 - CONTROL NUMBER IDENTIFIER

  • control field: dpl

005 - DATE AND TIME OF LATEST TRANSACTION

  • control field: 20120727113524.0

008 - FIXED-LENGTH DATA ELEMENTS

  • fixed length control field: 120727|||a|||||| | ||| d

040 ## - CATALOGING SOURCE

  • Original cataloging agency: dpl
  • Transcribing agency: dpl

100 ## - HEADING--PERSONAL NAME

  • Personal name: Gulati, S.C.

670 ## - SOURCE DATA FOUND

  • Source citation: Work cat.: (dpl)68757: Gulati, S.C., Reproductive health in delhi slums/

670 ## - SOURCE DATA FOUND

  • Source citation: Work cat.: (dpl)68757: Gulati, S.C., Reproductive health in delhi slums/

© Delhi Public Library
Hit Counter
free hit counter